[Event "Finale kadetskih liga-kadeti 2016."]
[Site "Djurdjevac"]
[Date "2016.12.30"]
[Round "7.33"]
[White "Duda, Daniel"]
[Black "Cigrovski, Jakov"]
[Result "1/2-1/2"]
[WhiteElo "1925"]
[BlackElo "1728"]
[PlyCount "56"]
[EventDate "2016.12.27"]

1. e4 c5 2. Nf3 d6 3. c3 Nf6 4. Be2 e6 5. O-O Be7 6. d3 O-O 7. h3 Nbd7 8. Be3
Qc7 9. Nbd2 d5 10. exd5 Nxd5 11. d4 b6 12. c4 cxd4 13. Bxd4 Nf4 14. Nb3 Bb7 15.
Rc1 Rfd8 16. Qc2 Nc5 17. Nxc5 Bxc5 18. Bxc5 Qxc5 19. Rfd1 h6 20. a3 a5 21.
Rxd8+ Rxd8 22. Rd1 Nxe2+ 23. Qxe2 Rxd1+ 24. Qxd1 Qxc4 25. Qd8+ Kh7 26. Qxb6
Qc1+ 27. Kh2 Qf4+ 28. Kg1 Qc1+ 1/2-1/2

[Event "Finale kadetskih liga-kadeti 2016."]
[Site "Djurdjevac"]
[Date "2016.12.30"]
[Round "7.12"]
[White "Simunic, Krunoslav"]
[Black "Smetisko, Marija"]
[Result "1-0"]
[WhiteElo "1866"]
[BlackElo "1891"]
[PlyCount "75"]
[EventDate "2016.12.27"]

1. d4 Nf6 2. c4 g6 3. Nc3 d5 4. cxd5 Nxd5 5. e4 Nxc3 6. bxc3 Bg7 7. Bc4 c5 8.
Be3 Nc6 9. Ne2 O-O 10. O-O Bg4 11. f3 Bd7 12. dxc5 Qc7 13. Rc1 Rfd8 14. Qc2 Ne5
15. Bb3 Bb5 16. c4 Be8 17. Nc3 Nd3 18. Nd5 Qd7 19. Qxd3 e6 20. Rfd1 exd5 21.
cxd5 Qb5 22. Qxb5 Bxb5 23. c6 bxc6 24. dxc6 Rxd1+ 25. Bxd1 Rc8 26. Bxa7 Bxc6
27. Ba4 Ra8 28. Bxc6 Rxa7 29. a4 Rc7 30. Rc4 Kf8 31. Kf2 Ke7 32. a5 Ra7 33. Ra4
Kd6 34. Bd5 Kc5 35. a6 Kb5 36. Ra2 Bd4+ 37. Ke2 Rxa6 38. Bc4+ 1-0